000 00562nam a2200217Ia 4500
003 OSt
005 20220928140650.0
006 a|||||r|||| 00| 0
007 ta
008 220927b |||||||| |||| 00| 0 eng d
024 _a10755
037 _cTextual
040 _aSDCL
_cSDCL
_beng
041 _2eng
_aeng
082 _aB281, M4
100 _aGreenacre Michael J
_9496776
245 0 _aTheory and applications of correspondence analysis.
260 _c1984
942 _hB281, M4
_cTEXL
_2CC
999 _c813223
_d813223